Country Facts - Statistics

General Stats
  • This quiz has been taken 25 times
  • The average score is 11 of 18
Answer Stats
Hint Answer % Correct
Made up by Wales, Scotland, England, and Northern Ireland United Kingdom
96%
Napoleonic Wars France
92%
Circular and surrounded by South Africa Lesotho
92%
Iberian country bordering France and Andorra Spain
92%
Real name is People's Republic of China Taiwan
92%
Syrup Canada
88%
Can be called ________ or Burma Myanmar
79%
FREEDOM United States
79%
Lost to emus' in a war Australia
67%
canal canal canal Panama
67%
18,000 islands Indonesia
58%
Smallest island country Nauru
58%
Long boi Chile
54%
Squarest country Egypt
42%
Joked to not exist New Zealand
17%
Territory of France French Guyana
13%
UwU Uruguay
8%
________ pa denga Zimbabwe
4%
No matching quizzes found
Score Distribution
Percent of People with Each Score
Percentile by Number Answered
Your Score History
You have not taken this quiz